000 01111cam a2200349 i 4500
001 41350
003 Mx-PuUPA
005 20250708141757.0
008 140415s1998 sp gr 000 0 spa d
017 _aB. 26.858-1998
020 _a847658539X
040 _aMx-PuUPA
_bspa
_cMx-PuUPA
_dMx-PuUPA
_erda
041 0 _aspa
100 1 _aBeuchot, Mauricio,
_d1950-
_eautor
_914180
245 1 3 _aLa retórica como pragmática y hermenéutica /
_cMauricio Beuchot
250 _aPrimera edición
264 1 _aRubí, Barcelona :
_bAnthropos Editorial,
_c©1998
300 _a159 páginas ;
_c20 cm
336 _2rdacontent
_atexto
_btxt
337 _2rdamedia
_asin medio
_bn
338 _2rdacarrier
_avolumen
_bnc
490 0 _aColección Autores, Textos y Temas
490 0 _aFilosofía ;
_v50
650 7 _2armarc
_aFilosofía
650 7 _2armarc
_aRetórica
650 7 _2armarc
_aFilosofía renacentista
650 7 _2armarc
_aHermenéutica
650 7 _2armarc
_aLenguaje y lenguas
_xFilosofía
942 _2ddc
_cLI
_h121.68
_iB56
999 _c41350
_d41350